[Event "Oberliga Nord O 2122"]
[Site "Germany"]
[Date "2022.05.29"]
[Round "5.7"]
[White "Marwitz, Tino"]
[Black "Wlodarczyk, Oskar"]
[Result "0-1"]
[WhiteElo "1989"]
[BlackElo "2228"]
[PlyCount "66"]
[EventDate "2021.10.31"]
[EventType "team-tourn"]
[EventRounds "9"]
[EventCountry "GER"]
[SourceTitle "EXT 2024"]
[Source "ChessBase"]
[SourceDate "2023.10.10"]
[SourceVersion "1"]
[SourceVersionDate "2023.10.10"]
[SourceQuality "1"]
[WhiteTeam "Potsdam Empor"]
[BlackTeam "Glueck Auf Ruedersdorf"]
[WhiteTeamCountry "GER"]
[BlackTeamCountry "GER"]

1. d4 c5 2. d5 e5 3. c4 d6 4. Nc3 Be7 5. e4 Nf6 6. Be2 0-0 7. g4 Ne8 8. Be3 Bg5 9. Qd2 Bxe3 10. Qxe3 Na6 11. Qd2 Nac7 12. h4 a6 13. a4 b6 14. h5 Rb8 15. g5 f5 16. Nf3 Bd7 17. exf5 Rxf5 18. Ne4 Rf4 19. Rh4 Rxh4 20. Nxh4 b5 21. axb5 axb5 22. 0-0-0 bxc4 23. Rg1 Nb5 24. Bxc4 Nd4 25. Qd3 Qb6 26. Qb1 Qb4 27. Nd2 Bb5 28. Bxb5 Rxb5 29. Rh1 Ne2+ 30. Kc2 Qd4 31. Nhf3 Qxd5 32. Qa1 e4 33. Qa4 Qd3+ 0-1

[Event "BL2-Nord 1819"]
[Site "Germany"]
[Date "2018.11.10"]
[Round "1.6"]
[White "Brodowski, Piotr"]
[Black "Wlodarczyk, Oskar"]
[Result "1-0"]
[WhiteElo "2439"]
[BlackElo "2246"]
[PlyCount "97"]
[EventDate "2018.11.10"]
[EventType "team-tourn"]
[EventRounds "10"]
[EventCountry "GER"]
[SourceTitle "CBM 190 Extra"]
[Source "ChessBase"]
[SourceDate "2019.07.15"]
[SourceVersion "1"]
[SourceVersionDate "2019.07.15"]
[SourceQuality "1"]
[WhiteTeam "Berlin Zehlendorf"]
[BlackTeam "Ruedersdorf Glueckauf"]
[WhiteTeamCountry "GER"]
[BlackTeamCountry "GER"]

1. c4 c5 2. Nc3 Nc6 3. g3 g6 4. Bg2 Bg7 5. e3 Nf6 6. Nge2 0-0 7. d4 cxd4 8. exd4 d6 9. 0-0 Bd7 10. h3 Rc8 11. Be3 a6 12. c5 dxc5 13. dxc5 Qc7 14. Nf4 Rcd8 15. Qe2 Bc8 16. Rac1 Rfe8 17. Qc4 Ne5 18. Qb3 Nc6 19. Rfe1 Na5 20. Qb4 Nc6 21. Qa4 Bd7 22. Qa3 Bc8 23. b4 Ne5 24. Ncd5 Nxd5 25. Nxd5 Qd7 26. Bf4 f6 27. Qb3 Kh8 28. Rcd1 Qe6 29. Qe3 Qf7 30. Bxe5 fxe5 31. Nb6 Be6 32. Bxb7 Bxh3 33. Bxa6 Qxa2 34. Bc4 Qb2 35. Qb3 e4 36. Qxb2 Bxb2 37. Rxd8 Rxd8 38. Rxe4 Rd1+ 39. Kh2 Bf5 40. Rxe7 Bd4 41. Kg2 Rb1 42. Nd5 Rc1 43. Be2 h5 44. Ne3 Bb1 45. Nc4 Ba2 46. c6 Bxc4 47. Bxc4 Rxc4 48. c7 Bc3 49. b5 1-0

[Event "BL2-Nord 1718"]
[Site "Germany"]
[Date "2017.12.10"]
[Round "4.5"]
[White "Wlodarczyk, Oskar"]
[Black "Bromann, Thorbjorn"]
[Result "1/2-1/2"]
[WhiteElo "2278"]
[BlackElo "2384"]
[PlyCount "89"]
[EventDate "2017.10.08"]
[EventType "team-tourn"]
[EventRounds "9"]
[EventCountry "GER"]
[SourceTitle "CBM 183 Extra"]
[Source "ChessBase"]
[SourceDate "2018.04.19"]
[SourceVersion "1"]
[SourceVersionDate "2018.04.19"]
[SourceQuality "1"]
[WhiteTeam "Glueck Auf Ruedersdorf"]
[BlackTeam "Kiel Turm"]
[WhiteTeamCountry "GER"]
[BlackTeamCountry "GER"]

1. e4 e6 2. d4 d5 3. Nc3 Nf6 4. Bg5 dxe4 5. Nxe4 Nbd7 6. Nf3 h6 7. Nxf6+ Nxf6 8. Bh4 c5 9. Bd3 cxd4 10. 0-0 Bc5 11. Qe2 Be7 12. Rfd1 Nd7 13. Bxe7 Qxe7 14. Qe4 Qc5 15. Nxd4 Qe5 16. Nb5 Qxe4 17. Bxe4 Ke7 18. Rd2 f5 19. Bf3 Ne5 20. Be2 Rd8 21. Rxd8 Kxd8 22. f4 Nf7 23. Bf3 Ke7 24. Re1 Nd8 25. Re3 Bd7 26. Nd4 Kf6 27. Rb3 Rb8 28. Ra3 a6 29. Rb3 b6 30. Re3 g5 31. g3 Rc8 32. c3 Nf7 33. Bb7 Rc4 34. Bxa6 Ra4 35. Bf1 Rxa2 36. Nxe6 Rxb2 37. Nc7 Rd2 38. Bd3 Kg7 39. Nd5 b5 40. Nc7 Rd1+ 41. Bf1 Rb1 42. Re7 Bc6 43. Kf2 Rc1 44. Bxb5 Rxc3 45. Bxc6 1/2-1/2

[Event "POL-chT 2nd League"]
[Site "Szklarska Poreba"]
[Date "2017.09.09"]
[Round "8.5"]
[White "Maciaga, Marcin"]
[Black "Wlodarczyk, Oskar"]
[Result "0-1"]
[WhiteElo "2090"]
[BlackElo "2281"]
[PlyCount "50"]
[EventDate "2017.09.02"]
[EventType "team-swiss"]
[EventRounds "9"]
[EventCountry "POL"]
[SourceTitle "CBM 180 Extra"]
[Source "ChessBase"]
[SourceDate "2017.10.06"]
[SourceVersion "1"]
[SourceVersionDate "2017.10.06"]
[SourceQuality "1"]
[WhiteTeam "Zielonka Zieloni"]
[BlackTeam "Ostrow Wielkopolski"]
[WhiteTeamCountry "POL"]
[BlackTeamCountry "POL"]

1. g3 Nf6 2. Bg2 g6 3. c4 Bg7 4. Nf3 c6 5. Nc3 d6 6. Rb1 0-0 7. 0-0 Re8 8. b4 e5 9. b5 d5 10. bxc6 Nxc6 11. cxd5 Nxd5 12. Nxd5 Qxd5 13. Qa4 e4 14. Ne1 Bg4 15. f3 Bf5 16. fxe4 Bxe4 17. Rxb7 Nd4 18. Rfxf7 Nxe2+ 19. Kh1 Bd4 20. Qa3 Nf4 21. h4 Bxg2+ 22. Kh2 Bg1+ 23. Kxg1 Rxe1+ 24. Kf2 Qd4+ 25. Qe3 Rf1# 0-1

[Event "POL-chT 2nd League"]
[Site "Szklarska Poreba"]
[Date "2017.09.08"]
[Round "7.3"]
[White "Wlodarczyk, Oskar"]
[Black "Golda, Sebastian"]
[Result "1-0"]
[WhiteElo "2281"]
[BlackElo "2115"]
[PlyCount "84"]
[EventDate "2017.09.02"]
[EventType "team-swiss"]
[EventRounds "9"]
[EventCountry "POL"]
[SourceTitle "CBM 180 Extra"]
[Source "ChessBase"]
[SourceDate "2017.10.06"]
[SourceVersion "1"]
[SourceVersionDate "2017.10.06"]
[SourceQuality "1"]
[WhiteTeam "Ostrow Wielkopolski"]
[BlackTeam "Krakow KKSz"]
[WhiteTeamCountry "POL"]
[BlackTeamCountry "POL"]

1. e4 c5 2. c3 Nf6 3. e5 Nd5 4. d4 cxd4 5. cxd4 d6 6. Bc4 Nb6 7. Bb5+ Bd7 8. e6 fxe6 9. Bd3 Qc7 10. Nc3 Nc6 11. Qh5+ Kd8 12. Nf3 Nb4 13. Bb1 Qc4 14. Ng5 Kc8 15. Nf7 g6 16. Qh4 Rg8 17. a3 N6d5 18. Bd2 Nxc3 19. Bxc3 Bb5 20. Qe4 Nd3+ 21. Bxd3 Qxd3 22. Qxe6+ Kc7 23. Rc1 Kb6 24. Ng5 Bh6 25. h4 Rgf8 26. Rd1 Qc2 27. Qe3 Rf4 28. Rc1 Qf5 29. f3 Ka6 30. Bd2 e5 31. dxe5 dxe5 32. Qc3 Ra4 33. b3 Rxa3 34. Ra1 Rxa1+ 35. Qxa1+ Kb6 36. Qa5+ Kc6 37. Kf2 Qd3 38. Rc1+ Kd5 39. Qb4 b6 40. Qe4+ Kd6 41. Bb4+ Kd7 42. Qb7+ Ke8 1-0

[Event "POL-chT 2nd League"]
[Site "Szklarska Poreba"]
[Date "2017.09.07"]
[Round "6.5"]
[White "Rydzewski, Pawel"]
[Black "Wlodarczyk, Oskar"]
[Result "1/2-1/2"]
[WhiteElo "1938"]
[BlackElo "2281"]
[PlyCount "98"]
[EventDate "2017.09.02"]
[EventType "team-swiss"]
[EventRounds "9"]
[EventCountry "POL"]
[SourceTitle "CBM 180 Extra"]
[Source "ChessBase"]
[SourceDate "2017.10.06"]
[SourceVersion "1"]
[SourceVersionDate "2017.10.06"]
[SourceQuality "1"]
[WhiteTeam "Jastrzebie Zdroj Pionier"]
[BlackTeam "Ostrow Wielkopolski"]
[WhiteTeamCountry "POL"]
[BlackTeamCountry "POL"]

1. e4 Nf6 2. Nc3 e5 3. Nf3 Nc6 4. Bb5 Nd4 5. Bc4 Bc5 6. d3 d6 7. Nxd4 Bxd4 8. 0-0 Be6 9. Bb3 Qd7 10. Qe1 0-0-0 11. Be3 d5 12. exd5 Nxd5 13. Bxd4 exd4 14. Nxd5 Bxd5 15. Qe5 Bc6 16. Rae1 Rhe8 17. Qf4 f6 18. f3 a5 19. a3 b6 20. Kf2 Kb7 21. Rxe8 Rxe8 22. Qd2 g5 23. Re1 Rxe1 24. Qxe1 Qd6 25. g3 Qc5 26. Qd2 Qf5 27. Qe2 g4 28. f4 Bf3 29. Qe8 Bc6 30. Qe2 a4 31. Bc4 Bf3 32. Qe8 Qa5 33. Qe1 Qc5 34. Qd2 b5 35. Bg8 Kb6 36. h4 h6 37. Ke1 Bb7 38. Kd1 Qc6 39. Qe1 Qg2 40. Be6 Bf3+ 41. Kc1 c5 42. Kb1 Be2 43. Bf5 Qf3 44. Bg6 Qe3 45. Bf5 Bf3 46. Qxe3 dxe3 47. Kc1 Be2 48. c3 b4 49. Bd7 bxa3 1/2-1/2

[Event "POL-chT 2nd League"]
[Site "Szklarska Poreba"]
[Date "2017.09.06"]
[Round "5.7"]
[White "Wlodarczyk, Oskar"]
[Black "Renkowski, Piotr"]
[Result "1/2-1/2"]
[WhiteElo "2281"]
[BlackElo "2102"]
[PlyCount "60"]
[EventDate "2017.09.02"]
[EventType "team-swiss"]
[EventRounds "9"]
[EventCountry "POL"]
[SourceTitle "CBM 180 Extra"]
[Source "ChessBase"]
[SourceDate "2017.10.06"]
[SourceVersion "1"]
[SourceVersionDate "2017.10.06"]
[SourceQuality "1"]
[WhiteTeam "Ostrow Wielkopolski"]
[BlackTeam "Gostynin Gostmat 83"]
[WhiteTeamCountry "POL"]
[BlackTeamCountry "POL"]

1. Nf3 d5 2. b3 Nf6 3. Bb2 e6 4. c4 c5 5. cxd5 exd5 6. g3 Nc6 7. Bg2 Bf5 8. 0-0 Be7 9. d4 0-0 10. Nc3 Ne4 11. dxc5 Nxc3 12. Bxc3 Bxc5 13. Nd4 Be4 14. Rc1 Bxd4 15. Bxd4 Bxg2 16. Kxg2 Re8 17. e3 Qe7 18. Bb2 Rad8 19. Qf3 d4 20. exd4 Nxd4 21. Bxd4 Rxd4 22. Rfd1 Rxd1 23. Rxd1 g6 24. h4 h5 25. Rd4 b6 26. Qc6 Rd8 27. Re4 Qd7 28. Qf6 Qd5 29. Qf3 Kg7 30. Re7 a5 1/2-1/2

[Event "BL2-Nord 1617"]
[Site "Germany"]
[Date "2016.12.04"]
[Round "3.5"]
[White "Wlodarczyk, Oskar"]
[Black "Brodowski, Piotr"]
[Result "1/2-1/2"]
[WhiteElo "2285"]
[BlackElo "2440"]
[PlyCount "44"]
[EventDate "2016.10.16"]
[EventType "team-tourn"]
[EventRounds "9"]
[EventCountry "GER"]
[SourceTitle "EXT 2018"]
[Source "ChessBase"]
[SourceDate "2017.10.13"]
[SourceVersion "1"]
[SourceVersionDate "2017.10.13"]
[SourceQuality "1"]
[WhiteTeam "Ruedersdorf"]
[BlackTeam "Zehlendorf"]
[WhiteTeamCountry "GER"]
[BlackTeamCountry "GER"]

1. e4 c5 2. c3 d5 3. exd5 Qxd5 4. d4 Nf6 5. Nf3 e6 6. Be2 Nc6 7. 0-0 cxd4 8. cxd4 Be7 9. Nc3 Qa5 10. a3 0-0 11. Qb3 Rd8 12. Rd1 Nd5 13. Ne4 h6 14. Ne5 Qb6 15. Qxb6 axb6 16. Bb5 Na7 17. Bc4 Bd7 18. Bxd5 exd5 19. Nxd7 Rxd7 20. Nc3 Nc6 21. b3 Na5 22. Nb1 Rc8 1/2-1/2

[Event "POL-chT 1st League"]
[Site "Poronin"]
[Date "2016.09.07"]
[Round "5.2"]
[White "Wlodarczyk, Oskar"]
[Black "Tomaszewski, Roman"]
[Result "0-1"]
[WhiteElo "2275"]
[BlackElo "2296"]
[PlyCount "58"]
[EventDate "2016.09.03"]
[EventType "team-tourn"]
[EventRounds "9"]
[EventCountry "POL"]
[SourceTitle "CBM 174 Extra"]
[Source "ChessBase"]
[SourceDate "2016.10.10"]
[SourceVersion "1"]
[SourceVersionDate "2016.10.10"]
[SourceQuality "1"]
[WhiteTeam "Ostrow Wielkopolski"]
[BlackTeam "Czestochowa Hetman"]
[WhiteTeamCountry "POL"]
[BlackTeamCountry "POL"]

1. e4 c6 2. c4 d5 3. exd5 cxd5 4. cxd5 Nf6 5. Nc3 g6 6. Qb3 Bg7 7. Nf3 0-0 8. d4 Nbd7 9. Be2 Nb6 10. 0-0 Nfxd5 11. Ne4 Be6 12. Qa3 Nf6 13. Nc5 Bd5 14. Bf4 Nh5 15. Be3 Nc4 16. Bxc4 Bxc4 17. Nxb7 Qd5 18. Rfc1 Be2 19. Rc7 Bxf3 20. gxf3 Qxf3 21. Qxe7 Rae8 22. Qd7 Rxe3 23. fxe3 Qxe3+ 24. Kf1 Bxd4 25. Rc2 Qd3+ 26. Re2 Nf4 27. Qg4 Re8 28. Rae1 Rxe2 29. Rxe2 Qd1+ 0-1

[Event "POL-chT 1st League"]
[Site "Poronin"]
[Date "2016.09.04"]
[Round "2.3"]
[White "Goluch, Piotr"]
[Black "Wlodarczyk, Oskar"]
[Result "0-1"]
[WhiteElo "2330"]
[BlackElo "2275"]
[PlyCount "84"]
[EventDate "2016.09.03"]
[EventType "team-tourn"]
[EventRounds "9"]
[EventCountry "POL"]
[SourceTitle "CBM 174 Extra"]
[Source "ChessBase"]
[SourceDate "2016.10.10"]
[SourceVersion "1"]
[SourceVersionDate "2016.10.10"]
[SourceQuality "1"]
[WhiteTeam "Kopernik WKS"]
[BlackTeam "Ostrow Wielkopolski"]
[WhiteTeamCountry "POL"]
[BlackTeamCountry "POL"]

1. d4 c5 2. d5 e5 3. c4 d6 4. Nc3 Be7 5. g3 Nf6 6. Bg2 0-0 7. e4 Nbd7 8. Nge2 a6 9. 0-0 Ne8 10. Qd3 g6 11. Bh6 Ng7 12. f4 exf4 13. gxf4 Rb8 14. Rae1 Bh4 15. Ng3 b5 16. cxb5 axb5 17. e5 c4 18. Qd2 Nc5 19. Nce4 Nd3 20. Bg5 Bxg5 21. fxg5 dxe5 22. Nf6+ Kh8 23. Re4 h5 24. gxh6 Nf5 25. Ng4 Nd6 26. Nf6 Nxe4 27. Ngxe4 Rb6 28. Qg5 Qe7 29. b3 Nf4 30. Re1 Bf5 31. d6 Rxd6 32. Nxd6 Qxd6 33. Ne4 Bxe4 34. Rxe4 Qd1+ 35. Kf2 Qd2+ 36. Kf3 f6 37. Qg3 Rd8 38. Bf1 Qd1+ 39. Kf2 Qc2+ 40. Kf3 Rd1 41. Be2 Nxe2 42. Rxe2 Qf5+ 0-1

[Event "BL2-Nord 1516"]
[Site "Germany"]
[Date "2016.04.24"]
[Round "2.7"]
[White "Wlodarczyk, Oskar"]
[Black "Guth, Thomas"]
[Result "0-1"]
[WhiteElo "2280"]
[BlackElo "2308"]
[PlyCount "124"]
[EventDate "2015.09.19"]
[EventType "team-tourn"]
[EventRounds "9"]
[EventCountry "GER"]
[SourceTitle "EXT 2017"]
[Source "ChessBase"]
[SourceDate "2016.10.25"]
[SourceVersion "1"]
[SourceVersionDate "2016.10.25"]
[SourceQuality "1"]
[WhiteTeam "Ruedersdorf"]
[BlackTeam "Pankow Rotation"]
[WhiteTeamCountry "GER"]
[BlackTeamCountry "GER"]

1. e4 e6 2. d4 d5 3. Nc3 Bb4 4. e5 Ne7 5. a3 Bxc3+ 6. bxc3 c5 7. Qg4 Qc7 8. Qxg7 Rg8 9. Qxh7 cxd4 10. Ne2 Nbc6 11. f4 Bd7 12. Qd3 dxc3 13. Qxc3 0-0-0 14. Rb1 Nf5 15. Rg1 d4 16. Qd3 Na5 17. Rb4 a6 18. g4 Ne3 19. Nxd4 Nxf1 20. Kxf1 Bb5 21. Nxb5 axb5 22. Qe2 Nc6 23. Be3 Nxb4 24. axb4 Qc3 25. Kf2 Rh8 26. Kg3 Rd4 27. h4 Re4 28. Kf3 Rxb4 29. h5 Qc6+ 30. Kg3 Rc4 31. Ra1 Kc7 32. Qd2 b4 33. Rd1 Rc3 34. Qd4 Rg8 35. Qd2 b6 36. h6 Kb7 37. g5 Rc8 38. Qd7+ Qxd7 39. Rxd7+ Ka6 40. Kf3 Rxc2 41. Rd6 R8c3 42. f5 Rh2 43. g6 fxg6 44. fxg6 Rxh6 45. Rxb6+ Ka5 46. g7 Rh3+ 47. Kf2 Rcxe3 48. Rb8 Rhf3+ 49. Kg2 Rg3+ 50. Kf2 Rxe5 51. Kxg3 Rg5+ 52. Kf4 Rxg7 53. Ke5 Rd7 54. Kxe6 Rd2 55. Ke5 Ka4 56. Ke4 b3 57. Ke3 Rd7 58. Ke2 Rd5 59. Ra8+ Kb4 60. Rb8+ Rb5 61. Rh8 b2 62. Rh1 Kb3 0-1

[Event "BL2-Nord 1415"]
[Site "Germany"]
[Date "2015.02.22"]
[Round "7.6"]
[White "Wlodarczyk, Oskar"]
[Black "Meessen, Max"]
[Result "1-0"]
[WhiteElo "2296"]
[BlackElo "2219"]
[PlyCount "49"]
[EventDate "2014.09.21"]
[EventType "team-tourn"]
[EventRounds "9"]
[EventCountry "GER"]
[SourceTitle "CBM 166 Extra"]
[Source "ChessBase"]
[SourceDate "2015.06.18"]
[SourceVersion "1"]
[SourceVersionDate "2015.06.18"]
[SourceQuality "1"]
[WhiteTeam "Ruedersdorf"]
[BlackTeam "Oldenburg Union"]
[WhiteTeamCountry "GER"]
[BlackTeamCountry "GER"]

1. e4 c5 2. c3 Nf6 3. e5 Nd5 4. d4 cxd4 5. cxd4 e6 6. Nc3 Nxc3 7. bxc3 d6 8. f4 Bd7 9. Nf3 Bc6 10. Bd3 Nd7 11. 0-0 Be7 12. Qc2 dxe5 13. fxe5 Qa5 14. Bg5 f6 15. exf6 gxf6 16. Bf4 0-0-0 17. Be4 Nb6 18. Bxc6 bxc6 19. c4 Qf5 20. Qxf5 exf5 21. c5 Nd5 22. Nh4 Nxf4 23. Rxf4 Rd5 24. Nxf5 Bd8 25. Rb1 1-0

[Event "BL2-Nord 1415"]
[Site "Germany"]
[Date "2015.01.18"]
[Round "5.6"]
[White "Wlodarczyk, Oskar"]
[Black "Von Herman, Ulf"]
[Result "1/2-1/2"]
[WhiteElo "2296"]
[BlackElo "2382"]
[PlyCount "73"]
[EventDate "2014.09.21"]
[EventType "team-tourn"]
[EventRounds "9"]
[EventCountry "GER"]
[SourceTitle "CBM 166 Extra"]
[Source "ChessBase"]
[SourceDate "2015.06.18"]
[SourceVersion "1"]
[SourceVersionDate "2015.06.18"]
[SourceQuality "1"]
[WhiteTeam "Ruedersdorf"]
[BlackTeam "Berlin Tegel"]
[WhiteTeamCountry "GER"]
[BlackTeamCountry "GER"]

1. Nf3 c5 2. c4 Nc6 3. b3 e5 4. Nc3 g6 5. Bb2 Bg7 6. d3 Nge7 7. g3 d6 8. Bg2 h6 9. 0-0 Be6 10. Nd2 Qd7 11. Nd5 Bxd5 12. cxd5 Nb4 13. e4 Nxd3 14. Bc3 0-0 15. a3 b5 16. Qe2 b4 17. Qxd3 bxc3 18. Qxc3 f5 19. Qd3 Rab8 20. Rab1 Rb5 21. b4 cxb4 22. Rxb4 Rxb4 23. axb4 Rc8 24. Ra1 Rb8 25. Qa3 fxe4 26. Bxe4 Nf5 27. Qxa7 Qxa7 28. Rxa7 Rxb4 29. g4 Nh4 30. Kf1 Bf6 31. Ra8+ Kf7 32. Rc8 Rd4 33. Nc4 Be7 34. Rc7 Kf8 35. Rc8+ Kf7 36. Rc7 Kf8 37. Rc8+ 1/2-1/2

[Event "POL-chT1"]
[Site "Poronin"]
[Date "2014.09.06"]
[Round "8.5"]
[White "Kriebel, Tadeas"]
[Black "Wlodarczyk, Oskar"]
[Result "1-0"]
[WhiteElo "2418"]
[BlackElo "2296"]
[PlyCount "107"]
[EventDate "2014.08.31"]
[EventType "team-tourn"]
[EventRounds "9"]
[EventCountry "POL"]
[SourceTitle "CBM 162 Extra"]
[Source "ChessBase"]
[SourceDate "2014.10.17"]
[SourceVersion "1"]
[SourceVersionDate "2014.10.17"]
[SourceQuality "1"]
[WhiteTeam "Legnica Miedz"]
[BlackTeam "Ostrow Welkopolski"]
[WhiteTeamCountry "POL"]
[BlackTeamCountry "POL"]

1. e4 e5 2. Nf3 Nf6 3. Nxe5 d6 4. Nf3 Nxe4 5. Nc3 Nf6 6. d4 d5 7. Bd3 Be7 8. h3 0-0 9. 0-0 c6 10. Bg5 Nbd7 11. Ne2 Ne4 12. Bxe7 Qxe7 13. c3 Re8 14. Qc2 Nf8 15. Rae1 Ng5 16. Nxg5 Qxg5 17. f4 Qh4 18. f5 Nd7 19. Qd2 Nf6 20. Qf4 Qxf4 21. Nxf4 Bd7 22. Re5 Ne4 23. Bxe4 dxe4 24. Rxe8+ Rxe8 25. g4 f6 26. Kf2 Kf7 27. Ke3 g6 28. Ne2 gxf5 29. gxf5 Rg8 30. Rf2 Rg5 31. Kxe4 Rh5 32. Rf3 c5 33. d5 Ke7 34. c4 a6 35. b3 Kd6 36. a4 b6 37. Ng1 Rg5 38. Ne2 Rh5 39. Ng3 Rxh3 40. Re3 Kc7 41. Kf4 Rh4+ 42. Kf3 Kd8 43. Re4 Rxe4 44. Kxe4 Be8 45. Kf4 Ke7 46. a5 bxa5 47. Ne4 Bh5 48. d6+ Kf7 49. Nxc5 Bd1 50. Ne6 Ke8 51. c5 Kd7 52. Nf8+ Kc6 53. d7 Kc7 54. c6 1-0

[Event "Oberliga Nord O 1314"]
[Site "Germany"]
[Date "2013.11.20"]
[Round "3.5"]
[White "Grottke, Hans Joachim"]
[Black "Wlodarczyk, Oskar"]
[Result "1/2-1/2"]
[WhiteElo "2209"]
[BlackElo "2274"]
[PlyCount "43"]
[EventDate "2013.10.13"]
[EventType "team-tourn"]
[EventRounds "9"]
[EventCountry "GER"]
[SourceTitle "EXT 2015"]
[Source "ChessBase"]
[SourceDate "2014.11.20"]
[SourceVersion "1"]
[SourceVersionDate "2014.11.20"]
[SourceQuality "1"]
[WhiteTeam "Potsdam Empor"]
[BlackTeam "Ruedersdorf"]
[WhiteTeamCountry "GER"]
[BlackTeamCountry "GER"]

1. e4 e5 2. Nf3 Nf6 3. Nxe5 d6 4. Nf3 Nxe4 5. Nc3 Nf6 6. d4 Be7 7. Be2 0-0 8. 0-0 Re8 9. Re1 Nbd7 10. Bf4 Nf8 11. d5 Ng6 12. Be3 Ng4 13. Bd4 Bf6 14. Bb5 Rxe1+ 15. Qxe1 a6 16. Bf1 Bd7 17. Qd2 Bxd4 18. Qxd4 Qf6 19. Rd1 Qxd4 20. Rxd4 Nf6 21. Ne4 Nxe4 22. Rxe4 1/2-1/2

[Event "POL-chT1"]
[Site "Szklarska Poreba"]
[Date "2013.09.09"]
[Round "3"]
[White "Wlodarczyk, Oskar"]
[Black "Raszka, Janusz"]
[Result "1/2-1/2"]
[WhiteElo "2283"]
[BlackElo "2192"]
[PlyCount "82"]
[EventDate "2013.09.07"]
[EventType "team-tourn"]
[EventRounds "9"]
[EventCountry "POL"]
[SourceTitle "EXT 2015"]
[Source "ChessBase"]
[SourceDate "2014.11.20"]
[SourceVersion "1"]
[SourceVersionDate "2014.11.20"]
[SourceQuality "1"]
[WhiteTeam "Ostrow Wielkopolski"]
[BlackTeam "Gminy Pawlowice"]
[WhiteTeamCountry "POL"]
[BlackTeamCountry "POL"]

1. Nf3 d5 2. b3 Nf6 3. Bb2 e6 4. e3 c5 5. Ne5 Nbd7 6. Bb5 a6 7. Bxd7+ Nxd7 8. Nxd7 Bxd7 9. 0-0 f6 10. f4 Bd6 11. Qh5+ g6 12. Qh4 0-0 13. d3 Bc6 14. Nd2 b5 15. e4 dxe4 16. Nxe4 Bxe4 17. dxe4 f5 18. Qh3 Be7 19. Rad1 Qc7 20. exf5 exf5 21. Rfe1 Rad8 22. Qe3 Rxd1 23. Rxd1 c4 24. Rd5 cxb3 25. cxb3 Bf6 26. Bxf6 Rxf6 27. h3 Qb6 28. Rc5 Re6 29. Qd4 Rd6 30. Qe3 Re6 31. Qd4 Rd6 32. Qf2 Rc6 33. b4 Rxc5 34. bxc5 Qc6 35. Qd4 Kf7 36. Kh2 h6 37. Qc3 g5 38. Qe5 Qd7 39. fxg5 hxg5 40. Qb8 Qc6 41. Qb6 Qe4 1/2-1/2